Holly Brook / Skylar Grey Charting Songs (Billboard Hot 100) - Statistics

General Stats
  • This quiz has been taken 14 times
    3 since last reset
  • The average score is 5 of 9
Answer Stats
Album Weeks On Peak Artist(s) Song % Correct
Non-Album Single 20 Weeks #4 Dr. Dre ft. Eminem & Skylar Grey I Need a Doctor
100%
The Death of Slim Shady (Coup de Grâce) 1 Week #53 Eminem & Skylar Grey Temporary
100%
Gemini 19 Weeks #49 Macklemore ft. Skylar Grey Glorious
67%
Venom: Let There Be Carnage (Original Motion Picture Soundtrack) 1 Week #78 Skylar Grey, Polo G, Mozzy & Eminem Last One Standing
67%
The Rising Tied 20 Weeks #4 Fort Minor ft. Holly Brook Where'd You Go
67%
The Pinkprint 6 Weeks #62 Nicki Minaj ft. Skylar Grey Bed of Lies
33%
Last Train to Paris 24 Weeks #11 Diddy - Dirty Money ft. Skylar Grey Coming Home
33%
Music to Be Murdered By 1 Week #61 Eminem ft. Skylar Grey Leaving Heaven
33%
Lasers 1 Week #89 Lupe Fiasco ft. Skylar Grey Words I Never Said
33%
No matching quizzes found
Score Distribution
Percent of People with Each Score
Percentile by Number Answered
Your Score History
You have not taken this quiz since the last reset